00670nam a2200193 a 450000100100000000500170001000800410002702000150006804000130008308200150009610000200011124500880013126000400021930000280025950000210028750000380030850400540034653400760040000000182020200929145721.0090629s1979 sp a 001 0 spa d a8420615358 aDO-SdBNP axxxbL913d1 aLowe, Gordon R.13aEl desarrollo de la personalidad :bde la infancia a la senectud /cGordon R. Lowe. aMadrid :bAlianza Editorial,c1979. a303 p. :bil. ;c19 cm. aIncluye índice aIncluye notas al pie de páginas aIncluye referencias bibliográficas (p. 302-303) aTítulo original : The growth of personaltiy - from infancy to old age